000 00461nam a2200169Ia 4500
008 240729s9999 xx 000 0 und d
022 _a2406-0771
245 0 _aVeterinarski Glasnik
260 _aSerbia
260 _bFaculty of Veterinary Medicine, Belgrade
650 _a Animal culture
650 _a Veterinary medicine
650 _aAgriculture
856 _uhttps://doaj.org/toc/12b133cf0a084bbbbe806fbfa6f2c6b1
942 _2ddc
942 _cDOAJEJ
999 _c69612
_d69612
945 _a1
_bMadushi Gamage
_c1
_dMadushi Gamage